[Event "19. Obert Int. Sant Marti 2017"]
[Site "Barcelona ESP"]
[Date "2017.07.16"]
[Round "4.28"]
[White "Gonzalez Rodriguez, Jorge A."]
[Black "Marchador Villalba, Jordi"]
[Result "1-0"]
[WhiteElo "2274"]
[BlackElo "1980"]
[PlyCount "51"]
[EventDate "2017.07.13"]
[EventType "swiss"]
[EventRounds "9"]
[EventCountry "ESP"]
[SourceTitle "Ajedrez en Madrid"]
[Source "lmi"]
[SourceDate "2017.07.13"]
[SourceVersion "1"]
[SourceVersionDate "2019.06.21"]
[SourceQuality "1"]

1. c4 Nf6 2. Nc3 e6 3. d4 c5 4. d5 exd5 5. cxd5 d6 6. e4 g6 7. Nf3 Bg7 8. Bb5+
Bd7 9. a4 O-O 10. O-O Bxb5 11. axb5 Re8 12. Re1 Nbd7 13. Bf4 Qb6 14. Nd2 Ne5
15. Bxe5 dxe5 16. Nc4 Qd8 17. Ra5 Nh5 18. g3 Qd7 19. Kg2 f5 20. exf5 Qxf5 21.
Nd6 Qg5 22. Nxe8 Rxe8 23. Ne4 Nf4+ 24. Kh1 Qd8 25. Rxa7 Nxd5 26. Rxb7 1-0

[Event "19. Obert Int. Sant Marti 2017"]
[Site "Barcelona ESP"]
[Date "2017.07.16"]
[Round "4.29"]
[White "Sumit, Kumar"]
[Black "Abhishek, Das"]
[Result "0-1"]
[WhiteElo "1975"]
[BlackElo "2274"]
[PlyCount "102"]
[EventDate "2017.07.13"]
[EventType "swiss"]
[EventRounds "9"]
[EventCountry "ESP"]
[SourceTitle "Ajedrez en Madrid"]
[Source "lmi"]
[SourceDate "2017.07.13"]
[SourceVersion "1"]
[SourceVersionDate "2019.06.21"]
[SourceQuality "1"]

1. e4 c5 2. Nf3 Nc6 3. d4 cxd4 4. Nxd4 g6 5. c4 Bg7 6. Be3 Nf6 7. Nc3 O-O 8.
Be2 d6 9. O-O Bd7 10. Rc1 Nxd4 11. Bxd4 Bc6 12. f3 a5 13. Nd5 Nd7 14. Bxg7 Kxg7
15. Qd4+ e5 16. Qd2 Bxd5 17. cxd5 Qb6+ 18. Kh1 Rac8 19. b3 Rxc1 20. Rxc1 f5 21.
exf5 Rxf5 22. Qc3 Nc5 23. h3 Rf4 24. Rd1 h5 25. g3 Rf6 26. h4 Nd7 27. Kg2 Rf7
28. Qd3 Nf6 29. Rc1 Rc7 30. Rc4 Rc5 31. Rxc5 Qxc5 32. Qc4 Nxd5 33. Qxc5 dxc5
34. Bd3 Nb4 35. Be4 Nxa2 36. Bxb7 Nb4 37. Kf2 c4 38. bxc4 a4 39. Be4 a3 40. Bb1
a2 41. Bxa2 Nxa2 42. Ke3 Kf6 43. g4 Nb4 44. Ke4 Ke6 45. gxh5 gxh5 46. f4 Nc6
47. c5 Kf6 48. fxe5+ Nxe5 49. Kd5 Kf5 50. Kd6 Kf4 51. Ke6 Nc6 0-1

[Event "19. Obert Int. Sant Marti 2017"]
[Site "Barcelona ESP"]
[Date "2017.07.16"]
[Round "4.30"]
[White "Hernandez Requena, Francesc"]
[Black "Priebe, Jan"]
[Result "0-1"]
[WhiteElo "1807"]
[BlackElo "2272"]
[PlyCount "60"]
[EventDate "2017.07.13"]
[EventType "swiss"]
[EventRounds "9"]
[EventCountry "ESP"]
[SourceTitle "Ajedrez en Madrid"]
[Source "lmi"]
[SourceDate "2017.07.13"]
[SourceVersion "1"]
[SourceVersionDate "2019.06.21"]
[SourceQuality "1"]

1. e4 c5 2. c3 d5 3. exd5 Qxd5 4. d4 Nc6 5. Nf3 e5 6. Nbd2 exd4 7. Bc4 Qd8 8.
O-O Be7 9. Qb3 Nh6 10. Bb5 O-O 11. Bxc6 bxc6 12. cxd4 cxd4 13. Ne4 Nf5 14. Ne5
Be6 15. Qd3 Qd5 16. Bf4 f6 17. Nf3 c5 18. b3 a5 19. Nfd2 a4 20. g4 Nh4 21. Bg3
Ng6 22. f3 f5 23. gxf5 Qxf5 24. Nc4 axb3 25. Qxb3 Nf4 26. Bxf4 Qxf4 27. Qd3 Bh3
28. Rf2 Ra6 29. Ne5 Rh6 30. Qc4+ Be6 0-1

[Event "19. Obert Int. Sant Marti 2017"]
[Site "Barcelona ESP"]
[Date "2017.07.16"]
[Round "4.31"]
[White "Oliva Castaneda, Kevel"]
[Black "Dougas Chavarria, Nestor"]
[Result "1-0"]
[WhiteElo "2497"]
[BlackElo "1871"]
[PlyCount "25"]
[EventDate "2017.07.13"]
[EventType "swiss"]
[EventRounds "9"]
[EventCountry "ESP"]
[SourceTitle "Ajedrez en Madrid"]
[Source "lmi"]
[SourceDate "2017.07.13"]
[SourceVersion "1"]
[SourceVersionDate "2019.06.21"]
[SourceQuality "1"]

1. d4 d6 2. Nf3 g6 3. e4 Bg7 4. Bc4 c5 5. dxc5 Qa5+ 6. c3 Qxc5 7. Qb3 e6 8. O-O
Nd7 9. Bf4 Ne7 10. Rd1 Ne5 11. Nxe5 Bxe5 12. Bb5+ Nc6 13. Be3 1-0

[Event "19. Obert Int. Sant Marti 2017"]
[Site "Barcelona ESP"]
[Date "2017.07.16"]
[Round "4.32"]
[White "Gonzales, Jayson"]
[Black "Tejaswini, Sagar"]
[Result "1-0"]
[WhiteElo "2399"]
[BlackElo "2160"]
[PlyCount "63"]
[EventDate "2017.07.13"]
[EventType "swiss"]
[EventRounds "9"]
[EventCountry "ESP"]
[SourceTitle "Ajedrez en Madrid"]
[Source "lmi"]
[SourceDate "2017.07.13"]
[SourceVersion "1"]
[SourceVersionDate "2019.06.21"]
[SourceQuality "1"]

1. e4 e5 2. Nf3 Nc6 3. Bc4 Bc5 4. c3 Nf6 5. d3 O-O 6. a4 d5 7. exd5 Nxd5 8. b4
Be7 9. O-O Bf5 10. Re1 Nb6 11. Bb5 Bf6 12. a5 Nd5 13. a6 Bc8 14. Qb3 Nde7 15.
Nbd2 bxa6 16. Bc4 Rb8 17. Ne4 Nf5 18. Bxa6 Bxa6 19. Rxa6 Rb6 20. Qa4 Qd5 21. b5
Nb8 22. Rxb6 axb6 23. Nxf6+ gxf6 24. Qg4+ Kh8 25. Qxf5 Nd7 26. c4 Qe6 27. Qxe6
fxe6 28. d4 exd4 29. Nxd4 e5 30. Nc6 Ra8 31. h4 Nc5 32. Rd1 1-0

[Event "19. Obert Int. Sant Marti 2017"]
[Site "Barcelona ESP"]
[Date "2017.07.16"]
[Round "4.33"]
[White "Eggleston, David J"]
[Black "Vignesh, B."]
[Result "1-0"]
[WhiteElo "2394"]
[BlackElo "2124"]
[PlyCount "97"]
[EventDate "2017.07.13"]
[EventType "swiss"]
[EventRounds "9"]
[EventCountry "ESP"]
[SourceTitle "Ajedrez en Madrid"]
[Source "lmi"]
[SourceDate "2017.07.13"]
[SourceVersion "1"]
[SourceVersionDate "2019.06.21"]
[SourceQuality "1"]

1. e4 e6 2. d4 d5 3. Nc3 Nf6 4. Bg5 dxe4 5. Nxe4 Be7 6. Bxf6 gxf6 7. Nf3 f5 8.
Nc3 a6 9. g3 b5 10. Bg2 Bb7 11. O-O Qd6 12. Re1 b4 13. Ne2 Nd7 14. Nf4 O-O 15.
Nh4 Bxg2 16. Nhxg2 Bf6 17. d5 Bxb2 18. dxe6 Ne5 19. Rb1 Bc3 20. Qxd6 cxd6 21.
e7 Rfe8 22. Re3 Nc4 23. Re2 Nd2 24. Rxd2 Bxd2 25. Nd5 Bg5 26. Nc7 Rac8 27. Nxe8
Rxe8 28. Rxb4 Rxe7 29. h4 Bh6 30. Rb6 Rc7 31. Rxd6 Kg7 32. f4 Rc3 33. Kh2 a5
34. a4 Rxc2 35. Rd5 Kg6 36. Rxa5 Bf8 37. Kh3 Bc5 38. h5+ Kxh5 39. Nh4 Kh6 40.
Ra6+ f6 41. Rxf6+ Kg7 42. Rc6 Rc1 43. Nxf5+ Kf7 44. Kg4 Ba3 45. Rxc1 Bxc1 46.
a5 Ba3 47. a6 Bc5 48. Nd6+ Ke7 49. a7 1-0

[Event "19. Obert Int. Sant Marti 2017"]
[Site "Barcelona ESP"]
[Date "2017.07.16"]
[Round "4.34"]
[White "Dhulipalla, Bala Chandra Prasad"]
[Black "Perez Garcia, Adria"]
[Result "1-0"]
[WhiteElo "2335"]
[BlackElo "2123"]
[PlyCount "63"]
[EventDate "2017.07.13"]
[EventType "swiss"]
[EventRounds "9"]
[EventCountry "ESP"]
[SourceTitle "Ajedrez en Madrid"]
[Source "lmi"]
[SourceDate "2017.07.13"]
[SourceVersion "1"]
[SourceVersionDate "2019.06.21"]
[SourceQuality "1"]

1. Nf3 d5 2. g3 c6 3. Bg2 Bf5 4. O-O e6 5. d3 Nf6 6. Nbd2 Be7 7. b3 O-O 8. Bb2
Nbd7 9. Qe1 Bg6 10. e4 dxe4 11. dxe4 a5 12. a3 Qc7 13. Qe2 Rfe8 14. h3 Bc5 15.
e5 Nd5 16. Ne4 Bxe4 17. Qxe4 Nf8 18. Qe2 Rad8 19. Nd2 Be7 20. Ne4 Nb6 21. Qe3
Nbd7 22. f4 b6 23. Rad1 Nc5 24. Nd6 Bxd6 25. exd6 Qd7 26. Qf3 Rc8 27. Bd4 Qb7
28. Qc3 f6 29. Bxc5 bxc5 30. Qxc5 Nd7 31. Qxa5 Ra8 32. Qc7 1-0

[Event "19. Obert Int. Sant Marti 2017"]
[Site "Barcelona ESP"]
[Date "2017.07.16"]
[Round "4.35"]
[White "Meertens, Martin"]
[Black "Kathmale, Sameer"]
[Result "0-1"]
[WhiteElo "2123"]
[BlackElo "2294"]
[PlyCount "130"]
[EventDate "2017.07.13"]
[EventType "swiss"]
[EventRounds "9"]
[EventCountry "ESP"]
[SourceTitle "Ajedrez en Madrid"]
[Source "lmi"]
[SourceDate "2017.07.13"]
[SourceVersion "1"]
[SourceVersionDate "2019.06.21"]
[SourceQuality "1"]

1. e4 c6 2. d4 d5 3. Nc3 dxe4 4. Nxe4 Bf5 5. Ng3 Bg6 6. h4 h6 7. Nf3 e6 8. h5
Bh7 9. Bd3 Bxd3 10. Qxd3 Nf6 11. Bd2 c5 12. O-O-O Nc6 13. Be3 Rc8 14. Kb1 a6
15. Ne4 Nb4 16. Nxf6+ gxf6 17. Qe4 c4 18. Qxb7 Rb8 19. Qa7 Ra8 20. Qb7 Rb8 21.
Qa7 Qc8 22. d5 Rb7 23. Qd4 Nxd5 24. Nd2 c3 25. Qa4+ Rb5 26. Nb3 Qc6 27. Rd3 Bg7
28. Bd4 O-O 29. Bxc3 Nxc3+ 30. Rxc3 Qxg2 31. Rd1 Rxh5 32. Qxa6 Qxf2 33. a4 f5
34. Rc8 Rxc8 35. Qxc8+ Kh7 36. a5 Qf3 37. Qd7 Rh1 38. Rxh1 Qxh1+ 39. Ka2 Qe4
40. Kb1 Qh1+ 41. Ka2 Qe4 42. Kb1 Qe1+ 43. Ka2 Qe2 44. Qc6 f4 45. a6 f3 46. a7
f2 47. a8=Q f1=Q 48. Qe4+ f5 49. Qec6 Qc4 50. Qac8 Qxc6 51. Qxc6 Qe2 52. Nc1
Qe3 53. Nd3 f4 54. Qe8 f3 55. Qf7 Qe4 56. Ka3 Qa8+ 57. Kb3 e5 58. Qf5+ Kh8 59.
Nc5 Qd5+ 60. Kb4 Qd4+ 61. Kb5 Qf4 62. Qd3 f2 63. Qf1 Qf5 64. Kc6 e4 65. b4 e3
0-1

[Event "19. Obert Int. Sant Marti 2017"]
[Site "Barcelona ESP"]
[Date "2017.07.16"]
[Round "4.36"]
[White "Kulkarni, Rakesh"]
[Black "Boixader Arbo, Xavier"]
[Result "1-0"]
[WhiteElo "2288"]
[BlackElo "2099"]
[PlyCount "81"]
[EventDate "2017.07.13"]
[EventType "swiss"]
[EventRounds "9"]
[EventCountry "ESP"]
[SourceTitle "Ajedrez en Madrid"]
[Source "lmi"]
[SourceDate "2017.07.13"]
[SourceVersion "1"]
[SourceVersionDate "2019.06.21"]
[SourceQuality "1"]

1. e4 e6 2. d4 d5 3. Bd3 dxe4 4. Bxe4 Nf6 5. Bf3 c5 6. Ne2 Nc6 7. Be3 cxd4 8.
Nxd4 Ne5 9. Nc3 Be7 10. Qe2 a6 11. O-O-O Nfd7 12. Be4 Qc7 13. f4 Nc6 14. f5
Nxd4 15. Bxd4 Nf6 16. Rhf1 O-O 17. fxe6 Bxe6 18. Bd3 Rfd8 19. Qe3 Qc6 20. h3 b5
21. Bxf6 Bxf6 22. Be4 Qc4 23. Bxa8 Rxa8 24. Qe4 Rc8 25. Qxc4 Bxc4 26. Rf3 h6
27. Ne4 Be7 28. Rd7 Bf8 29. Nd6 Bxd6 30. Rxd6 a5 31. b3 Be6 32. Ra6 Bd5 33. Rf2
a4 34. bxa4 bxa4 35. Rxa4 Rc3 36. Rd4 Be6 37. Kb2 Rc8 38. a4 Rb8+ 39. Ka3 Rb1
40. c4 Kf8 41. a5 1-0

[Event "19. Obert Int. Sant Marti 2017"]
[Site "Barcelona ESP"]
[Date "2017.07.16"]
[Round "4.37"]
[White "Fuentes Godoy, Lilia Ivonne"]
[Black "Neffe, Axel"]
[Result "0-1"]
[WhiteElo "2069"]
[BlackElo "2257"]
[PlyCount "124"]
[EventDate "2017.07.13"]
[EventType "swiss"]
[EventRounds "9"]
[EventCountry "ESP"]
[SourceTitle "Ajedrez en Madrid"]
[Source "lmi"]
[SourceDate "2017.07.13"]
[SourceVersion "1"]
[SourceVersionDate "2019.06.21"]
[SourceQuality "1"]

1. d4 Nf6 2. c4 c5 3. d5 e6 4. Nc3 exd5 5. cxd5 d6 6. e4 g6 7. h3 Bg7 8. Nf3
O-O 9. Bd3 Nh5 10. O-O Nd7 11. Bg5 Bf6 12. Be3 a6 13. a4 Re8 14. Nd2 Bg5 15. f4
Bf6 16. g4 Ng7 17. Nc4 Nb6 18. Qf3 Nxc4 19. Bxc4 Bd4 20. Rae1 Rb8 21. Bxd4 cxd4
22. Ne2 f5 23. Nxd4 Qb6 24. Qf2 fxg4 25. Kh2 gxh3 26. Rg1 Qc7 27. b3 Kh8 28. e5
Bf5 29. e6 Qc5 30. Re2 b5 31. axb5 axb5 32. Nxb5 Rxb5 33. Bxb5 Qxb5 34. Rd2
Qxb3 35. Qd4 Kg8 36. Rg3 Qb1 37. Rc3 Be4 38. Rd1 Qa2+ 39. Rd2 Nf5 40. Rxa2 Nxd4
41. Ra4 Nf3+ 42. Kxh3 Bxd5 43. Kg3 Rxe6 44. Rc8+ Kf7 45. Ra7+ Re7 46. Rh8 Rxa7
47. Rxh7+ Ke6 48. Rxa7 Be4 49. Ra4 d5 50. Ra8 Kd6 51. Kf2 Nd4 52. Ra5 Nc6 53.
Ra4 Kc5 54. Ke3 Bf5 55. Ra1 d4+ 56. Kd2 Nb4 57. Ra5+ Kc4 58. Ra4 Kb5 59. Ra1
Nd3 60. Rf1 Kc4 61. Ke2 Kc3 62. Kd1 Bg4+ 0-1

[Event "19. Obert Int. Sant Marti 2017"]
[Site "Barcelona ESP"]
[Date "2017.07.16"]
[Round "4.38"]
[White "Avdhoot, Lendhe"]
[Black "Srijit, Paul"]
[Result "0-1"]
[WhiteElo "2034"]
[BlackElo "2247"]
[PlyCount "40"]
[EventDate "2017.07.13"]
[EventType "swiss"]
[EventRounds "9"]
[EventCountry "ESP"]
[SourceTitle "Ajedrez en Madrid"]
[Source "lmi"]
[SourceDate "2017.07.13"]
[SourceVersion "1"]
[SourceVersionDate "2019.06.21"]
[SourceQuality "1"]

1. d4 f5 2. c4 Nf6 3. Nc3 d6 4. Bg5 Nbd7 5. Qc2 g6 6. e4 fxe4 7. Nxe4 c5 8. Nf3
Bg7 9. Nc3 O-O 10. Be2 cxd4 11. Nxd4 Ne5 12. O-O-O Qa5 13. h4 Bd7 14. Bd2 Qc5
15. Be3 Neg4 16. Bxg4 Nxg4 17. Ne6 Nxe3 18. Nxc5 Nxc2 19. Kxc2 Rxf2+ 20. Kb3
Bg4 0-1

[Event "19. Obert Int. Sant Marti 2017"]
[Site "Barcelona ESP"]
[Date "2017.07.16"]
[Round "4.39"]
[White "Glimbrant, Torbjorn"]
[Black "Romero Echeverria, Abigail"]
[Result "1-0"]
[WhiteElo "2238"]
[BlackElo "2109"]
[PlyCount "81"]
[EventDate "2017.07.13"]
[EventType "swiss"]
[EventRounds "9"]
[EventCountry "ESP"]
[SourceTitle "Ajedrez en Madrid"]
[Source "lmi"]
[SourceDate "2017.07.13"]
[SourceVersion "1"]
[SourceVersionDate "2019.06.21"]
[SourceQuality "1"]

1. d4 Nf6 2. c4 g6 3. g3 Bg7 4. Bg2 d5 5. cxd5 Nxd5 6. e4 Nb6 7. Ne2 O-O 8.
Nbc3 Na6 9. O-O c5 10. d5 e5 11. a3 Bd7 12. b3 Nc8 13. Be3 Nd6 14. Qd2 b5 15.
Rfc1 Rc8 16. Bh6 Qb6 17. Bxg7 Kxg7 18. h3 f6 19. Nd1 c4 20. b4 Rf7 21. Ne3 Nb8
22. Kh2 h5 23. h4 Re7 24. Qc3 a6 25. Rf1 Bg4 26. f3 Bd7 27. Rae1 Rce8 28. Rd1
Qa7 29. Rd2 a5 30. Rb2 Na6 31. f4 Nf7 32. f5 gxf5 33. Rxf5 Kg6 34. Nf4+ Kh7 35.
Nxh5 Bxf5 36. Nxf5 Qb6 37. bxa5 Qc5 38. Qf3 c3 39. Rc2 Nc7 40. Nxf6+ Kg6 41.
Qg4+ 1-0

[Event "19. Obert Int. Sant Marti 2017"]
[Site "Barcelona ESP"]
[Date "2017.07.16"]
[Round "4.40"]
[White "Chakravarthy, Y V K."]
[Black "Capellades Subirana, Marc"]
[Result "1-0"]
[WhiteElo "2006"]
[BlackElo "2237"]
[PlyCount "117"]
[EventDate "2017.07.13"]
[EventType "swiss"]
[EventRounds "9"]
[EventCountry "ESP"]
[SourceTitle "Ajedrez en Madrid"]
[Source "lmi"]
[SourceDate "2017.07.13"]
[SourceVersion "1"]
[SourceVersionDate "2019.06.21"]
[SourceQuality "1"]

1. d4 Nf6 2. Bf4 g6 3. e3 Bg7 4. Nf3 d6 5. Be2 h6 6. h3 Nbd7 7. O-O O-O 8. c4
Qe8 9. Nc3 a6 10. Qc2 e5 11. Bh2 c6 12. a4 Qe7 13. Rfd1 Ne8 14. b4 f5 15. b5 g5
16. Kh1 g4 17. Ng1 h5 18. f4 e4 19. g3 c5 20. h4 Nc7 21. a5 cxd4 22. exd4 Ne6
23. Nd5 Qd8 24. Qc3 b6 25. Bf1 Bb7 26. Ne2 axb5 27. Qb4 Nb8 28. Qxb5 Nc6 29.
Bg1 Nxa5 30. Qxb6 Qxb6 31. Nxb6 Ra6 32. Rab1 Rb8 33. Kh2 Ba8 34. c5 dxc5 35.
dxc5 Nc6 36. Nc1 Ra7 37. Bc4 Re7 38. Rd6 Kf7 39. Ne2 Na5 40. Ba2 Bc6 41. Bd4
Rbe8 42. Nd5 Ra7 43. Ne3 Nb7 44. Bxe6+ Rxe6 45. Rxe6 Kxe6 46. Bxg7 Nxc5 47. Rb6
Kd7 48. Bd4 Ra5 49. Nc4 Ra2 50. Ne5+ Ke8 51. Rb8+ Ke7 52. Bxc5+ Ke6 53. Nxc6
Rxe2+ 54. Kg1 Kd5 55. Nd4 Ra2 56. Nxf5 Kxc5 57. Rd8 Ra3 58. Kf2 Rb3 59. Re8 1-0

[Event "19. Obert Int. Sant Marti 2017"]
[Site "Barcelona ESP"]
[Date "2017.07.16"]
[Round "4.41"]
[White "Frayna, Janelle Mae"]
[Black "Sanchez Lopez, Juan Manuel"]
[Result "1/2-1/2"]
[WhiteElo "2235"]
[BlackElo "2088"]
[PlyCount "82"]
[EventDate "2017.07.13"]
[EventType "swiss"]
[EventRounds "9"]
[EventCountry "ESP"]
[SourceTitle "Ajedrez en Madrid"]
[Source "lmi"]
[SourceDate "2017.07.13"]
[SourceVersion "1"]
[SourceVersionDate "2019.06.21"]
[SourceQuality "1"]

1. e4 c5 2. Nf3 Nc6 3. Bb5 e6 4. Bxc6 bxc6 5. b3 d6 6. e5 d5 7. O-O f5 8. Re1
Nh6 9. Nc3 Be7 10. Na4 c4 11. d3 Nf7 12. dxc4 Ba6 13. cxd5 Qxd5 14. c4 Qxd1 15.
Rxd1 c5 16. Bb2 Bb7 17. Ne1 Bc6 18. Nd3 Bxa4 19. bxa4 g5 20. Nc1 Rb8 21. Bc3 g4
22. Nb3 Ng5 23. Rd3 Ne4 24. Ba5 Rb7 25. Rad1 Kf7 26. Kf1 Rhb8 27. Ke2 h5 28.
Rd7 Ke8 29. Rxb7 Rxb7 30. f3 Ng5 31. Ke3 Nf7 32. f4 Rd7 33. Rxd7 Kxd7 34. Kd3
Kc6 35. Nc1 Nd8 36. Ne2 h4 37. Bxd8 Bxd8 38. h3 gxh3 39. gxh3 a6 40. Ng1 Kd7
41. Nf3 Be7 1/2-1/2

[Event "19. Obert Int. Sant Marti 2017"]
[Site "Barcelona ESP"]
[Date "2017.07.16"]
[Round "4.42"]
[White "Rakshitta, Ravi"]
[Black "Vergara Jofre, Felipe"]
[Result "1-0"]
[WhiteElo "1974"]
[BlackElo "2234"]
[PlyCount "89"]
[EventDate "2017.07.13"]
[EventType "swiss"]
[EventRounds "9"]
[EventCountry "ESP"]
[SourceTitle "Ajedrez en Madrid"]
[Source "lmi"]
[SourceDate "2017.07.13"]
[SourceVersion "1"]
[SourceVersionDate "2019.06.21"]
[SourceQuality "1"]

1. e4 c5 2. Nf3 d6 3. d4 cxd4 4. Nxd4 Nf6 5. Nc3 a6 6. Bg5 Nbd7 7. Bc4 h6 8.
Be3 Qc7 9. Qe2 b5 10. Bd5 Bb7 11. a3 e5 12. Bxb7 Qxb7 13. Nb3 Nxe4 14. Qf3 Nec5
15. Nd5 Rb8 16. Bxc5 dxc5 17. Na5 Qc8 18. O-O-O c4 19. Qg3 g6 20. Nf6+ Nxf6 21.
Qxe5+ Be7 22. Nc6 Rb7 23. Nxe7 Qe6 24. Qf4 Kf8 25. Rhe1 Rxe7 26. Rxe6 Rxe6 27.
Rd6 Ke7 28. Rxe6+ fxe6 29. Qc7+ Nd7 30. Qa7 Rf8 31. f3 Rf5 32. Qxa6 Rg5 33. g3
Rf5 34. f4 g5 35. fxg5 hxg5 36. a4 bxa4 37. Qxa4 Rf1+ 38. Kd2 Rf2+ 39. Kc3 Rxh2
40. Qxc4 Rg2 41. Qg4 Nf6 42. Qb4+ Ke8 43. Qb8+ Kf7 44. Qb7+ Kg6 45. Qxg2 1-0

[Event "19. Obert Int. Sant Marti 2017"]
[Site "Barcelona ESP"]
[Date "2017.07.16"]
[Round "4.43"]
[White "Pinero Fernandez, Xavier"]
[Black "Ventura Bolet, Alexandre"]
[Result "1/2-1/2"]
[WhiteElo "2233"]
[BlackElo "2080"]
[PlyCount "62"]
[EventDate "2017.07.13"]
[EventType "swiss"]
[EventRounds "9"]
[EventCountry "ESP"]
[SourceTitle "Ajedrez en Madrid"]
[Source "lmi"]
[SourceDate "2017.07.13"]
[SourceVersion "1"]
[SourceVersionDate "2019.06.21"]
[SourceQuality "1"]

1. d4 Nf6 2. Bf4 d6 3. e3 g6 4. h3 Bg7 5. Nf3 O-O 6. Be2 Nbd7 7. O-O c5 8. c4
d5 9. Nc3 cxd4 10. exd4 dxc4 11. Bxc4 Nb6 12. Bb3 Nbd5 13. Be5 b6 14. Re1 Bb7
15. Qe2 Rc8 16. Ne4 Nb4 17. Bxf6 exf6 18. Ng3 Bd5 19. Ba4 b5 20. Qxb5 Nc2 21.
Bxc2 Rxc2 22. Rad1 Qa8 23. Re3 Rfc8 24. Ne1 a6 25. Qb6 R2c6 26. Qa5 Re6 27.
Rxe6 fxe6 28. b3 Bf8 29. f3 Qb7 30. Qd2 Bb4 31. Qe2 Bxe1 1/2-1/2

[Event "19. Obert Int. Sant Marti 2017"]
[Site "Barcelona ESP"]
[Date "2017.07.16"]
[Round "4.44"]
[White "Vantika, Agrawal"]
[Black "David, Bogdan-Emanuel"]
[Result "1-0"]
[WhiteElo "2230"]
[BlackElo "2062"]
[PlyCount "87"]
[EventDate "2017.07.13"]
[EventType "swiss"]
[EventRounds "9"]
[EventCountry "ESP"]
[SourceTitle "Ajedrez en Madrid"]
[Source "lmi"]
[SourceDate "2017.07.13"]
[SourceVersion "1"]
[SourceVersionDate "2019.06.21"]
[SourceQuality "1"]

1. d4 d6 2. Nf3 g6 3. g3 Bg7 4. Bg2 Nd7 5. O-O e5 6. c4 Ne7 7. Nc3 O-O 8. dxe5
dxe5 9. Qc2 c6 10. Rd1 Qc7 11. Ne4 f5 12. Nd6 Nc5 13. Nxc8 Raxc8 14. Ng5 Rf6
15. Be3 h6 16. Bxc5 hxg5 17. Qd2 b6 18. Bd6 Rxd6 19. Qxd6 Qxd6 20. Rxd6 e4 21.
Rb1 a5 22. b3 Kf7 23. Rbd1 Be5 24. Rd7 Rc7 25. Rxc7 Bxc7 26. Rd7 Be5 27. e3 Ke6
28. Rb7 Nc8 29. f3 exf3 30. Bxf3 Kd6 31. Kf1 Kc5 32. Ke2 b5 33. cxb5 cxb5 34.
Kd3 Nb6 35. a3 b4 36. a4 g4 37. Bg2 Nc8 38. Rb5+ Kd6 39. Rxa5 Ne7 40. Rb5 Bc3
41. a5 Nc8 42. a6 Kc7 43. Rb7+ Kd6 44. a7 1-0

[Event "19. Obert Int. Sant Marti 2017"]
[Site "Barcelona ESP"]
[Date "2017.07.16"]
[Round "4.45"]
[White "Dardha, Daniel"]
[Black "Aishwin, Daniel"]
[Result "1/2-1/2"]
[WhiteElo "2212"]
[BlackElo "2031"]
[PlyCount "118"]
[EventDate "2017.07.13"]
[EventType "swiss"]
[EventRounds "9"]
[EventCountry "ESP"]
[SourceTitle "Ajedrez en Madrid"]
[Source "lmi"]
[SourceDate "2017.07.13"]
[SourceVersion "1"]
[SourceVersionDate "2019.06.21"]
[SourceQuality "1"]

1. d4 d5 2. Nf3 Nf6 3. g3 e6 4. Bg2 c5 5. c4 dxc4 6. O-O Nc6 7. Qa4 Bd7 8. Qxc4
cxd4 9. Nxd4 Rc8 10. Nc3 Nxd4 11. Qxd4 Bc5 12. Qd3 Bc6 13. Bxc6+ Rxc6 14. Qxd8+
Kxd8 15. e4 h6 16. Bf4 Ke7 17. Rad1 Rd8 18. Rxd8 Kxd8 19. Rd1+ Ke7 20. e5 Nd7
21. Ne4 Nb6 22. Bc1 Nd5 23. b3 Bb4 24. Bd2 Bxd2 25. Rxd2 b6 26. f4 Rc1+ 27. Kf2
Rh1 28. Kg2 Re1 29. Nd6 a6 30. Kf2 Rh1 31. Kf3 Rc1 32. Kg4 g6 33. h4 Rc3 34.
Ne4 h5+ 35. Kg5 Re3 36. Rd4 b5 37. Kh6 Kf8 38. Nc5 Rxg3 39. Nxa6 Rg4 40. a4
bxa4 41. bxa4 Rxh4 42. a5 Rh1 43. Nb4 Ra1 44. Nxd5 exd5 45. Rxd5 h4 46. Rd3
Rxa5 47. Kg5 Ke7 48. Kxh4 f6 49. exf6+ Kxf6 50. Kg4 Ra6 51. Rd8 Rb6 52. Rf8+
Kg7 53. Rc8 Kf6 54. Rc5 Ra6 55. Re5 Rb6 56. Kf3 Rb3+ 57. Re3 Rxe3+ 58. Kxe3 g5
59. fxg5+ Kxg5 1/2-1/2

[Event "19. Obert Int. Sant Marti 2017"]
[Site "Barcelona ESP"]
[Date "2017.07.16"]
[Round "4.46"]
[White "Ajay, Karthikeyan"]
[Black "Manush, Shah"]
[Result "0-1"]
[WhiteElo "2187"]
[BlackElo "2016"]
[PlyCount "62"]
[EventDate "2017.07.13"]
[EventType "swiss"]
[EventRounds "9"]
[EventCountry "ESP"]
[SourceTitle "Ajedrez en Madrid"]
[Source "lmi"]
[SourceDate "2017.07.13"]
[SourceVersion "1"]
[SourceVersionDate "2019.06.21"]
[SourceQuality "1"]

1. d4 d5 2. Nf3 Nf6 3. c4 c6 4. g3 dxc4 5. Bg2 Nbd7 6. O-O g6 7. a4 a5 8. Qc2
Nb6 9. e4 Bg7 10. h3 O-O 11. Na3 Be6 12. Be3 Ra6 13. Rfd1 Qc8 14. Kh2 Ne8 15.
Nd2 Nd6 16. Bf1 Rd8 17. Rac1 h5 18. b3 c3 19. Bxa6 cxd2 20. Rxd2 bxa6 21. d5
Nxd5 22. exd5 Bxd5 23. Bb6 Re8 24. Nc4 Qb8 25. Bd4 Ne4 26. Rdd1 Ng5 27. Nd2
Bxd4 28. h4 Bxf2 29. Nf1 Nf3+ 30. Kh3 Qc8+ 31. Kg2 Ne1+ 0-1

[Event "19. Obert Int. Sant Marti 2017"]
[Site "Barcelona ESP"]
[Date "2017.07.16"]
[Round "4.47"]
[White "Carrasco Rodriguez, Jesus"]
[Black "Gandhi, Anish"]
[Result "0-1"]
[WhiteElo "2181"]
[BlackElo "2012"]
[PlyCount "56"]
[EventDate "2017.07.13"]
[EventType "swiss"]
[EventRounds "9"]
[EventCountry "ESP"]
[SourceTitle "Ajedrez en Madrid"]
[Source "lmi"]
[SourceDate "2017.07.13"]
[SourceVersion "1"]
[SourceVersionDate "2019.06.21"]
[SourceQuality "1"]

1. e4 c5 2. Nc3 Nc6 3. Bb5 Nd4 4. Nf3 a6 5. Bc4 b5 6. Bd5 Rb8 7. Nxd4 cxd4 8.
Ne2 Nf6 9. Bb3 Nxe4 10. Nxd4 e6 11. c3 Bb7 12. O-O Bd6 13. Nf3 g5 14. d4 Rg8
15. Ne5 g4 16. Bc2 f6 17. f3 Ng5 18. Bxg5 Rxg5 19. f4 Rg7 20. Nxg4 f5 21. Ne3
Qh4 22. Qe1 Bxf4 23. Qxh4 Bxe3+ 24. Rf2 Rxg2+ 25. Kf1 Rxf2+ 26. Ke1 Rxc2 27.
Qxh7 Bf4 28. h4 Rh2 0-1